[Event "VISA GP"]
[Site "Reykjavik"]
[Date "1998.03.14"]
[Round "5"]
[White "Rausis, Igors"]
[Black "Westerinen, Heikki MJ"]
[Result "1/2-1/2"]
[WhiteElo "2520"]
[BlackElo "2410"]
[Annotator "Huzman,A"]
[PlyCount "53"]
[EventDate "1998.03.10"]
[EventType "swiss"]
[EventRounds "9"]
[EventCountry "ISL"]
[SourceTitle "CBM 064"]
[Source "ChessBase"]
[SourceDate "1998.06.02"]
[SourceVersion "1"]
[SourceVersionDate "1998.06.02"]
[SourceQuality "1"]

1. d4 d5 2. c4 dxc4 3. e4 e5 4. Nf3 Bb4+ 5. Bd2 Bxd2+ 6. Nbxd2 exd4 7. Bxc4 Nc6
8. O-O Qf6 9. b4 Bg4 (9... Nge7 10. b5 Nd8 (10... Ne5 11. Nxe5 Qxe5 12. f4 Qd6
13. Nb3 $14 {Shirov,A; Epishin,V}) 11. e5 Qg6 12. Nxd4 Ne6 (12... O-O 13. f4
Nf5 14. Bd3 $16) 13. Nxe6 Bxe6 14. Rc1 $14 {[%cal Gc1c7] 1-0 Gurevich,
M-Romanishin,O/Barcelona 1992 (40)}) (9... a6 10. e5 (10. a4 Nge7 (10... Nxb4
$5 11. e5 Qg6 12. Nxd4 Ne7 (12... c5 13. e6 $1 fxe6 14. Nxe6 Bxe6 15. Bxe6 $36)
13. Ra3 $5 O-O (13... Bg4 $5 14. Qc1 Rd8) 14. Rg3 $36 {1-0 Gurevich,M-Meins,G/
Groningen op 1997 (34)}) 11. b5 Na5 (11... Nd8 12. e5 Qg6 13. Nxd4 O-O 14. Ra3
$36 {[#] 1-0 Gurevich,M-Lane,G/Brussels op 1995 (27)}) 12. e5 (12. Bd3 c5 (
12... O-O 13. Qc2 Qb6 14. Rfc1 c6 15. bxa6 bxa6 16. Rab1 Qa7 17. Ne5 $44 {
0-1 Michaelsen,N-Meins,G Germany BL 1997 (52)}) 13. Qc2 b6 14. e5 Qh6 15. Ne4
O-O 16. Neg5 Ng6 17. Rab1 axb5 18. Rxb5 Nxe5 $17 {0-1 Goldin,A-Polgar,Z/Moscow
blitz 1993 (31)}) 12... Qg6 13. Nxd4 O-O 14. Qe2 Nxc4 {1/2-1/2 Dannevig,
O-Christensen,T/Peer Gynt 1992}) 10... Qg6 11. Nb3 Nge7 (11... Bg4 12. Bd3 $1
$14 {Shirov,A-Polgar,Zsu/Brno/1991/}) 12. Nbxd4 Bh3 $1 13. Nh4 Qg4 14. Qxg4 {
Kasparov,G-Short,N/Novgorod 1994/Inf 61/[Kasparov,G]/1/2-1/2 (44)}) 10. Qa4 {
[%cal Gb4b5,Gb5b6,Ga4e8]} Bd7 (10... Nge7 $142 11. b5 Ne5 12. Nxd4 {[%cal
Gf2f4]} (12. Nxe5 Qxe5 13. f4 Qd6 14. e5 Qb6 $17 {[%cal Ye7f5,Yf5e3]}) 12...
O-O 13. f4 Nxc4 14. Qxc4 Rad8 15. N2b3 $36 {[%csl Rg4]}) 11. b5 Nd8 (11... Ne5
12. Nxe5 (12. Nxd4 $36 {[%cal Gf2f4]}) 12... Qxe5 13. Nf3 Qf4 14. Bd5 $16) 12.
e5 (12. Nxd4 Ne7 13. e5 $5 (13. Bb3 $14) 13... Qxe5 (13... Qf4 14. N2f3 O-O 15.
Qb3 $14) (13... Qb6 14. N2f3 $14) 14. Rfe1 Qf6 (14... Qf4 15. Rad1 Ne6 16. N2f3
$44) 15. Ne4 Qb6 16. Qb4 O-O (16... Ne6 17. Nxe6 Bxe6 18. Bxe6 fxe6 19. Ng5 $16
) 17. Nc5 $1 (17. Qxe7 Qxd4 18. Rad1 Qxc4 19. Rxd7 Ne6 $17) 17... Nec6 18. Qc3
$1 Nb8 19. Re7 $44) 12... Qb6 (12... Qf4 13. Rfe1 $36 {[%cal Ge1e4]}) 13. Bd3 (
13. Nxd4 Ne7 $14) 13... Ne7 14. Qa3 $1 {[%cal Gd2c4,Ga3f8]} Ne6 {[%cal Yb6c5]}
15. Rfc1 {[%csl Rb6][%cal Gd2c4]} Nf4 16. Nc4 Qh6 (16... Qe6 {[%cal Ye6g4]} 17.
Bf1 {[%cal Gf3d4]} Nf5 18. g3 (18. b6 cxb6 (18... Qg6 19. Kh1 cxb6 20. Nh4 Nxh4
21. Nd6+ Kd8 22. Nxb7+ Ke8 23. Nd6+ $11) 19. Nxd4 Nxd4 20. Nd6+ Kf8 21. Nf5+
Kg8 22. Ne7+ Kf8 $11) 18... Nd5 19. Na5 $44) 17. Bf1 (17. Nxd4 Nxd3 18. Qxd3
O-O $11) 17... Qg6 {[%cal Yf4h3]} (17... Nf5 18. b6 Qg6 {[%cal Yf4h3]} (18...
cxb6 19. Nxd4 $40) 19. g3 cxb6 20. Nxd4 Nxd4 21. Nd6+ Kd8 22. Nxb7+ Ke8 23.
Nd6+ $11) 18. Kh1 d3 (18... Bxb5 19. Nxd4 Bd7 20. Rab1 $44) (18... Nf5 19. e6
$1 Nxe6 (19... Bxe6 20. Nce5 Qf6 21. Rxc7 $40) 20. b6 $1 $40 {[%csl Re8]}) 19.
b6 (19. Nb2 $1 $16 {[%cal Gc1c7,Gb2d3]}) 19... Bc6 $1 (19... cxb6 20. Nd6+ Kf8
21. Rc7 $40) 20. bxc7 {[%tqu "En","Find the move saving the black. .","","",
"f4h3","",10]} Nh3 $1 $11 21. Nd6+ (21. Nb6 Nxf2+ 22. Kg1 Nh3+ 23. Kh1 $11)
21... Kd7 22. e6+ $2 (22. Rxc6 Nxf2+ 23. Kg1 Nh3+ $11) (22. Rxc6 Nxf2+ 23. Kg1
Nh3+ $11) 22... Qxe6 $8 (22... fxe6 23. Ne5+ $18) (22... Kxc7 23. gxh3 {
[%cal Gc1c7]} (23. Nb5+ $2 Kd8 (23... Kc8 24. gxh3 $18) 24. Qd6+ Ke8 25. Nc7+
Kf8 {[%cal Yh3f2]} 26. Nxa8 Nxf2+ 27. Kg1 Nh3+ $11) 23... Qxe6 24. Nb5+ Kb8 25.
Qxd3 $18) 23. Nxf7 Nxf2+ 24. Kg1 Nh3+ (24... Qe3 $1 25. Qc5 (25. N3e5+ Kc8 $19
{[%cal Yf2h3,Ye3g1,Yh3g1]}) 25... Nh3+ 26. Kh1 Qxc5 27. Rxc5 Rhf8 28. N7e5+
Kxc7 $17) 25. Kh1 Nf2+ 26. Kg1 Nh3+ 27. Kh1 1/2-1/2

[Event "Excelsior Cup"]
[Site "Gothenburg"]
[Date "1999.01.13"]
[Round "7"]
[White "Ziegler, Ari"]
[Black "Brynell, Stellan"]
[Result "1/2-1/2"]
[WhiteElo "2402"]
[BlackElo "2489"]
[Annotator "Huzman,A"]
[PlyCount "46"]
[EventDate "1999.01.07"]
[EventType "tourn"]
[EventRounds "9"]
[EventCountry "SWE"]
[EventCategory "10"]
[SourceTitle "CBM 069"]
[Source "ChessBase"]
[SourceDate "1999.04.01"]
[SourceVersion "1"]
[SourceVersionDate "1999.04.01"]
[SourceQuality "1"]

1. d4 d5 2. c4 dxc4 3. e4 Nf6 4. e5 Nd5 5. Bxc4 Nb6 6. Bd3 Nc6 7. Be3 Nb4 8.
Be4 f5 9. exf6 exf6 10. a3 f5 11. axb4 fxe4 $1 (11... Bxb4+ 12. Nc3 fxe4 13.
Qh5+ g6 $140 14. Qb5+ $18) 12. Qh5+ (12. Nc3 Be6 13. Nh3 Bd6 14. Ng5 Bc4 15.
Qg4 (15. Ngxe4 O-O $44 {[%csl Re1][%cal Yc4f1]} 16. b3 Bd5 17. b5 Bxe4 $1 18.
Nxe4 Bb4+ 19. Nd2 Qd5 (19... Bc3 $5 20. Rc1 Bxd4 21. Bxd4 (21. Nc4 Nxc4 22.
Qxd4 Nxe3 23. fxe3 Qxd4 24. exd4 Rae8+ $17) 21... Qxd4 22. O-O Rad8 23. Nf3 Qg4
24. Qe2 Nd5 25. Qc4 $15) 20. O-O Bxd2 21. Qxd2 Qxb5 $15 {0-1 Ibragimov,
I-Yakovich,Y/St. Petersburg 1998}) 15... Bxb4 16. Nxh7 Qd7 17. Qg6+ Kd8 18. Ng5
Re8 19. Ngxe4 Nd5 20. Bd2 Bxc3 21. bxc3 Qc6 $36 {1/2-1/2 Ehlvest,J-Volzhin,A/
Koszalin 1998/EXP 65 (32)}) 12... g6 13. Qe5+ Kf7 14. Nc3 (14. Qxh8 $4 Bxb4+
$19) 14... Bxb4 15. Qxe4 (15. Bg5 Bd6 16. Bxd8 Bxe5 17. dxe5 Rxd8 18. Nxe4 Bf5
$15) 15... Re8 16. Qf3+ Qf6 (16... Kg8 17. Nge2 Qd5 $15 (17... Nc4 $5 18. O-O
Nxb2 19. Nd5 Rf8 20. Bf4 $44)) 17. Qxf6+ Kxf6 18. Nge2 $15 Be6 (18... Nc4 19.
O-O Kg7 20. Nd5 $11) (18... Kg7 19. O-O c6 20. Bf4 $15) 19. O-O {[%cal Ge2g3,
Gg3e4]} Bc4 20. Rfe1 c6 (20... Kg7 21. Ng3 Nd5 22. Nge4 (22. Bd2 Rxe1+ 23. Rxe1
Bxc3 24. bxc3 a5) 22... Nxe3 $5 23. fxe3 (23. Rxe3 a5 $15) 23... Rad8 $15) 21.
Ng3 Bxc3 22. bxc3 Bd5 (22... Nd5 $5 23. Bd2 Rxe1+ 24. Rxe1 b5 25. Ne4+ Ke7 $36
{[%cal Ya7a4]}) 23. Bf4 Nd7 $15 (23... Rxe1+ 24. Rxe1 a5 25. h4 (25. Rb1 Ra6
26. Be5+ Ke6 27. Bc7 Na4 $17) 25... a4 26. Bg5+ Kg7 27. Re7+ Kg8 $17 {[%cal
Ya4a1]}) 1/2-1/2

[Event "RUS-Cup02"]
[Site "Moscow"]
[Date "1998.??.??"]
[Round "9"]
[White "Volkov, Sergey"]
[Black "Ibragimov, Ildar"]
[Result "1-0"]
[WhiteElo "2545"]
[BlackElo "2590"]
[Annotator "Huzman,A"]
[PlyCount "81"]
[EventDate "1998.01.21"]
[EventType "swiss"]
[EventRounds "9"]
[EventCountry "RUS"]
[SourceTitle "CBM 063"]
[Source "ChessBase"]
[SourceDate "1998.03.26"]
[SourceVersion "1"]
[SourceVersionDate "1998.03.26"]
[SourceQuality "1"]

1. d4 {Hecht} d5 2. c4 dxc4 3. e4 Nc6 4. Nf3 Bg4 5. d5 Ne5 6. Nbd2 $146 Nf6 7.
Nxc4 $5 Nxc4 8. Bxc4 e5 ({The idea of the white became clear in the variant} 
8... Nxe4 9. Qd4 Nf6 (9... Bf5 10. g4 $18) 10. Ne5 Bf5 (10... Bh5 11. Be3 $44 {
@}) 11. Bf4 $44 {@}) 9. dxe6 (9. Qb3 Bd6 10. Qxb7 Nxe4 11. Bb5+ Kf8 $36) 9...
Qxd1+ 10. Kxd1 O-O-O+ (10... fxe6 $5 11. Kc2 $5 {[%cal Gf3e5]} Nxe4 12. Re1 Nc5
$5 (12... Nxf2 13. Bxe6 $44) 13. b4 Bf5+ $15) 11. Ke2 Re8 (11... Rd4 12. Bd3
fxe6 13. Be3 Rb4 14. b3 $14 {[%csl Rb4]} Nxe4 $140 15. a3 Nc3+ 16. Kd2 Rxb3 17.
Nd4 $16) 12. Be3 (12. exf7 Rxe4+ 13. Kd3 Bb4 14. b3 Bf5 15. Be3 Rd8+ 16. Ke2
Rxc4 $5 17. bxc4 Bd3+ 18. Kd1 Bxc4+ 19. Kc2 Bxf7 $44) 12... Bxe6 13. Bxe6+ Rxe6
(13... fxe6 14. Rac1 a6 (14... Nxe4 15. Bxa7 $14) 15. Rc4 $14) 14. Ng5 Re7 15.
f3 $14 Nd7 (15... h6 16. Nh3 Rd7 17. Rhd1 Bd6 $14 {/=}) 16. Rac1 h6 17. Nh3 g5
18. Rc2 Bg7 19. Rhc1 c6 20. Nf2 f5 $2 (20... Kb8 $5 $11) 21. Bxa7 Be5 22. Be3 (
22. h3 $5 Rhe8 $132 {[%csl Re4]}) 22... Bxh2 $6 (22... Rhe8 $142) 23. exf5 $1
Nf6 24. Rxc6+ $1 bxc6 25. Rxc6+ Rc7 26. Rxf6 Rd8 (26... Rc2+ 27. Kd3 Rxb2 28.
Ng4 $14) 27. f4 $1 (27. Rxh6 Bf4 $132 {[%cal Yc7c2]}) 27... Bxf4 (27... gxf4
28. Bb6 Rc2+ 29. Kf3 Rdd2 30. Rxh6 $16) (27... Rc2+ 28. Kf3 Bxf4 29. Bxf4 gxf4
30. Rxh6 $16) 28. Bxf4 gxf4 {[#] Hecht: Weiß gewinnt mit dem f-Bauern unter
Assistenz aller seiner Figuren einschließlich des Königs. Fehlerhaftes
Endspiel! Zeitnot?! Jedenfalls gibt es die Patzermedaille!} 29. Kf3 $16 Rc2 30.
Rxh6 Rxb2 31. Nh3 Rd3+ (31... Rxa2 32. Nxf4 Ra3+ 33. Kg4 $16) 32. Ke4 Ra3 33.
f6 Rc3 (33... Rb4+ 34. Kf5 Ra5+ 35. Kg6 $16) (33... Kd7 $142 $1 {Hecht [#]
bringt den König in die Nähe des f-Bauern mit dieser Remisidee:} 34. Nxf4 (34.
Ng5 Rb4+ 35. Kf5 Rb5+ 36. Kxf4 (36. Kg6 Rxg5+ 37. Kxg5 Rxa2)) 34... Rb4+ 35.
Kf5 Ra5+ 36. Kg4 Raa4 37. g3 Rxf4+ 38. gxf4 Rxa2 39. Kf5 Ke8 $11) 34. Kf5 (34.
Nxf4 {Hecht}) 34... Rc5+ 35. Kg6 {[%cal Gf6f8]} Kd7 (35... Rxg2+ $19 {Hecht
nebst f3}) 36. Rh7+ Kd6 37. f7 $2 (37. Nxf4 Rf2 38. g3 $16) 37... Rc8 (37...
Rxg2+ 38. Kf6 Rc8 39. Nxf4 Rxa2 $14) 38. Nxf4 Rxa2 39. Kf6 $1 Rf2 40. g3 Rf3
41. Rg7 $18 {[%cal Gg7g8]} 1-0

[Event "ISR-ch"]
[Site "Ramat Aviv"]
[Date "1998.11.08"]
[Round "1.1"]
[White "Golod, Vitali"]
[Black "Shevelev, Arkady"]
[Result "1-0"]
[WhiteElo "2555"]
[BlackElo "2385"]
[Annotator "Huzman,A"]
[PlyCount "87"]
[EventDate "1998.11.08"]
[EventType "k.o."]
[EventRounds "5"]
[EventCountry "ISR"]
[SourceTitle "CBM 068"]
[Source "ChessBase"]
[SourceDate "1999.02.01"]
[SourceVersion "1"]
[SourceVersionDate "1999.02.01"]
[SourceQuality "1"]

1. d4 {Hecht} d5 2. c4 dxc4 3. e4 e5 4. Nf3 Bb4+ 5. Nc3 exd4 6. Nxd4 Qe7 7.
Bxc4 Qxe4+ (7... Nf6 8. O-O O-O 9. Bg5 Bxc3 10. Bxf6 (10. bxc3 Qc5 11. Bxf6
Qxc4 12. Qh5 gxf6 13. Qh6 Nc6 14. Rae1 Nxd4 15. cxd4 Bg4 16. Re3 Rfe8 17. h3
Rad8 18. hxg4 Rxd4 19. g5 fxg5 20. Qxg5+ Kf8 21. Qh6+ Ke7 22. Rb3 $44 {~/=
Hertneck,G-Westerinen,H/Manila (ol) 1992}) 10... Qxf6 11. bxc3 Nc6 12. Nxc6 (
12. f4 Qd8 13. e5 Qe7 14. Nxc6 Qc5+ 15. Nd4 Qxc4 16. Qb3 Qxb3 17. axb3 Be6 18.
f5 {1/2-1/2 Dlugy,M-Zaltsman,V/Havana-B 1985}) 12... Qxc6 13. Qd5 Qxd5 14. Bxd5
c6 15. Bb3 Be6 16. Rfd1 Rfd8 $11 {1/2-1/2 Alburt,L-Zaltsman,V/NY Kavkasian
1983 (40)}) 8. Kf1 (8. Be3 Bxc3+ 9. bxc3 Ne7 10. O-O O-O 11. Re1 Ng6 12. Bc1
Qg4 13. Ba3 Rd8 14. Bxf7+ Kxf7 15. Qb3+ Kf6 16. h3 Qd7 17. Re3 Qd5 18. Rf3+ Kg5
19. Bc1+ Kh4 20. Rg3 Qxb3 21. Nf3+ Kh5 22. Rg5+ Kh6 23. Rf5+ $18 {Dreev,
A-Sherbakov,R/Borzhomi 1988/1-0 (48)}) 8... Bxc3 9. bxc3 Be6 10. Qb3 (10. Qa4+
$1 Nc6 11. Bg5 Bxc4+ 12. Qxc4 Nce7 13. Re1 Qg6 14. h4 Kf8 15. Qxc7 f6 16. Rh3
Qd3+ $4 {Hansen,C 1-0 Shirov,A-Huebner,R/Dortmund 1992}) 10... Bxc4+ 11. Qxc4
Nd7 (11... Nc6 12. Bg5 Qg6 13. Re1+ Kf8 14. Nxc6 Qxc6 15. Qb4+ Qd6 16. Qxb7 $18
{Alburt-Romanischin Kiev 1978}) 12. Bg5 $1 (12. f3 $5 Qg6 (12... Qe7 13. Nb5
$36) (12... Qe5 13. Bf4 $1 Qc5 14. Re1+ Ne7 15. Qxc5 Nxc5 16. Bg5 f6 17. Nf5
fxg5 18. Rxe7+ Kd8 19. Ke2 $16) 13. Qxc7 Qb6 14. Qg3 $36) 12... Qg4 $2 {
Meeting a very first problem black makes a terrible mistake and loses.} ({
An interesting and compicated position would arise after:} 12... Nb6 13. Qxc7 (
13. Qc5 Qd5) 13... Rc8 14. Qg3 Qd5 15. Re1+ Kf8 16. Nf5 g6 17. Nd6 Rc6 18. Nxb7
(18. Bf4 $5 Nc4 19. Re8+ Kg7 20. Nxc4 Qxc4+ 21. Kg1 Qxa2 22. h4 $44) 18... Kg7
$44 {[%csl Rb7]}) 13. Re1+ Kf8 14. Ne6+ $18 Qxe6 15. Rxe6 fxe6 16. Qxc7 Ngf6
17. Bxf6 Nxf6 18. Qxb7 Rd8 19. Ke2 Nd5 20. c4 Nf4+ 21. Ke3 Ng6 22. c5 Ne7 23.
c6 Kf7 24. c7 Rd5 25. Rc1 Nc8 26. Rc4 g5 27. Rd4 Rxd4 28. Kxd4 {Hecht: '[#]
Keine Chance für die passiven schwarzen Figuren. Weiß stellt die Dame besser
und setzt den König entscheidend ein.'} Ke7 29. Kc5 Kd7 30. Qc6+ Ke7 31. Qe4
Nb6 32. Kc6 h6 33. a4 Rf8 34. a5 Nc8 35. Qh7+ Rf7 36. Qxh6 Rxf2 37. Qg7+ Rf7
38. Qxg5+ Rf6 39. Kb7 Nd6+ 40. Kb8 Kf7 41. c8=Q Nxc8 42. Kxc8 Rg6 43. Qf4+ Rf6
44. Qe5 1-0

[Event "Julian Borowski-B 2nd"]
[Site "Essen"]
[Date "2000.04.28"]
[Round "2"]
[White "Podzielny, Karl Heinz"]
[Black "Hort, Vlastimil"]
[Result "1/2-1/2"]
[WhiteElo "2506"]
[BlackElo "2541"]
[Annotator "Huzman,A"]
[PlyCount "48"]
[EventDate "2000.04.27"]
[EventType "tourn"]
[EventRounds "9"]
[EventCountry "GER"]
[EventCategory "10"]
[SourceTitle "CBM 077"]
[Source "ChessBase"]
[SourceDate "2000.07.27"]
[SourceVersion "1"]
[SourceVersionDate "2000.07.27"]
[SourceQuality "1"]

1. d4 d5 2. c4 dxc4 3. e4 Nf6 4. e5 Nd5 5. Bxc4 Nc6 6. Ne2 Nb6 7. Bd3 Bg4 8. f3
Be6 9. Nbc3 g6 $146 10. h4 Qd7 (10... Bg7 11. h5 $36) 11. Ne4 (11. h5 O-O-O (
11... gxh5 12. Ne4 (12. Rxh5 O-O-O $132) 12... Nb4 13. Bb1 Bc4 $132) 12. hxg6
fxg6 (12... Nxd4 13. Rxh7 Rxh7 14. gxh7 Bg7 15. Be3 Nxf3+ (15... Nxe2 16. Bxe2
Bxe5 17. Qxd7+ Nxd7 18. Bd3 $16) 16. gxf3 Qxd3 17. Qxd3 Rxd3 18. Kf2 $16 {
[%cal Gh7h8]}) 13. Bxg6 (13. Be3 $2 Nxe5) 13... Nxd4 14. Nxd4 Qxd4 15. Qxd4
Rxd4 16. Rxh7 (16. Bc2 Bg7 $132) 16... Rxh7 (16... Rg8 17. Bf7 Bxf7 18. Rxf7
Kd7 19. g4 Nc4 20. Rf5 Rh8 21. b3 $16) 17. Bxh7 Rh4 $1 18. Be4 Rh1+ 19. Kf2 Bh6
20. Ne2 Bd5 $1 (20... Bc4 21. Ng1 Bg7 22. f4 $16) 21. Bf5+ e6 22. Bh3 Bc4 23.
Ng1 $16) 11... Nb4 12. Bb1 (12. Nc5 $5 Nxd3+ 13. Qxd3 Bf5 (13... Qc6 14. Nxe6
Qxe6 15. h5 $36) 14. e6 $1 (14. Nxd7 Bxd3 15. Nxf8 Rxf8 $11) 14... Qd5 $1 (
14... fxe6 15. Qc3 $1 Qd5 (15... Qc6 16. d5 exd5 17. g4 $1 (17. Qxh8 Qxc5 18.
g4 Bc2 19. Qxh7 O-O-O $44) 17... Bc2 $1 (17... Bc8 18. Qxh8 Qxc5 19. Qxh7 $16)
18. Qxc2 e5 19. b4 Nc4 20. h5 O-O-O $13) (15... Nd5 16. Nxd7 (16. Qb3 Qc6 17.
g4 b6 18. gxf5 bxc5 $17) 16... Nxc3 17. Nxf8 Nxe2 18. Kxe2 Rxf8 19. Bh6 Rf7 20.
g4 Bc2 21. b3 $18) 16. Nf4 Qc6 (16... Qc4 17. Qxc4 Nxc4 18. b3 Nd6 19. g4 Bg7
20. Bb2 Bh6 21. Nh3 $16) 17. Ncxe6 (17. g4 Bxg4 18. d5 Nxd5 19. Nxd5 Qxd5 20.
Qxh8 Bxf3 $19) (17. d5 $2 Nxd5 18. Nxd5 exd5 19. Qxh8 Qxc5 $15 20. Bh6 O-O-O
21. Bxf8 Qe3+ 22. Kd1 Qf2 $1 $17) 17... Qxc3+ 18. bxc3 Kd7 19. Nc5+ Kc8 20.
Nfe6 Nd7 21. g4 Nxc5 22. Nxc5 b6 $11) 15. exf7+ Qxf7 16. Qb3 $11) 12... Bc4 13.
Nc5 Bxe2 14. Qxe2 (14. Kxe2 Qb5+ 15. Ke1 O-O-O $36) 14... Qxd4 15. Be3 (15.
Nxb7 Bg7 16. e6 O-O (16... fxe6 17. h5 Nc4 18. a3 Nd5 19. hxg6 $13) 17. h5 $13)
15... Qc4 $2 (15... Qxe5 $1 16. f4 (16. Be4 N4d5 17. Nxb7 Nxe3 18. Qxe3 Bg7 $17
) 16... Qf6 17. Qb5+ Nc6 18. Nxb7 a6 19. Qb3 Bg7 $17) 16. Be4 Bg7 17. f4 $44
O-O (17... Rb8 $142 18. Rc1 (18. h5 N4d5 19. h6 Bf8 20. Qxc4 Nxc4 21. Bd4 e6
$17) 18... Qxe2+ 19. Kxe2 c6 20. Bd2 N4d5 21. h5 $44) 18. Rc1 Qxe2+ (18... Qxa2
19. h5 $44) 19. Kxe2 N4d5 20. Nxb7 $14 e6 21. Na5 (21. h5 g5 22. h6 Bh8 23. Rh5
f6 $11) (21. Nc5 Rfe8 (21... Rab8 22. h5 $14) 22. h5 g5 23. g3 f6 $132) 21...
f6 $1 $11 22. h5 (22. exf6 Bxf6 23. Rc2 Nxe3 24. Kxe3 Nd5+ $132) 22... fxe5 23.
hxg6 exf4 $2 (23... hxg6 24. Bc5 Nxf4+ 25. Ke1 $44) 24. Bd2 $2 (24. gxh7+ Kh8
25. Bc5 Rfe8 26. Ba3 $16) 24... h6 (24... h6 25. b4 Rfd8 26. Kf3 $44) 1/2-1/2

[Event "Mermaid Beach Club"]
[Site "Bermuda"]
[Date "1999.01.27"]
[Round "7"]
[White "Bacrot, Etienne"]
[Black "Waitzkin, Joshua"]
[Result "1/2-1/2"]
[WhiteElo "2561"]
[BlackElo "2467"]
[Annotator "Huzman,A"]
[PlyCount "101"]
[EventDate "1999.01.21"]
[EventType "tourn"]
[EventRounds "13"]
[EventCountry "BER"]
[EventCategory "9"]
[SourceTitle "CBM 069"]
[Source "ChessBase"]
[SourceDate "1999.04.01"]
[SourceVersion "1"]
[SourceVersionDate "1999.04.01"]
[SourceQuality "1"]

1. d4 d5 2. c4 dxc4 3. e4 e5 4. Nf3 exd4 5. Bxc4 Nc6 6. O-O Be6 7. Bxe6 fxe6 8.
Qb3 Qd7 9. Qxb7 Rb8 10. Qa6 Nf6 11. Nbd2 Bd6 12. a3 O-O 13. Qd3 Ng4 14. h3 $146
Nge5 15. Nxe5 Nxe5 $1 16. Qxd4 Ng4 17. Kh1 $2 (17. Qc4 $5 Ne5 (17... Bh2+ 18.
Kh1 Ne5 19. Qc3 Bf4 20. Nb3 $16) 18. Qc3 Qb5 (18... Rb5 $5 19. Nb3 Nc6 20. Be3
$16) 19. b4 Ng4 $1 $44 {[%cal Yd6e5,Ye5a1]}) (17. Qxa7 Ra8 (17... Bh2+ 18. Kh1
Ra8 19. Qc5 (19. Qxa8 Rxa8 20. hxg4 Bd6 $15) 19... Bd6 20. Qd4 c5 21. Qc3 (21.
Qd3 Nxf2+ 22. Rxf2 Rxf2 23. e5 Rd8 (23... Qb7 24. Ne4 $18) 24. exd6 Qxd6 25.
Qxd6 Rxd6 26. a4 Rfxd2 (26... Re2 27. Kg1 Rdxd2 28. Bxd2 Rxd2 29. a5 Rxb2 30.
a6 Rb8 31. Kf2 Kf7 32. Ke3 Ke7 33. a7 Ra8 34. Ra6 $16) 27. Bxd2 Rxd2 28. a5
Rxb2 29. a6 Rb8 30. Kg1 Kf7 31. Kf2 Kf6 $11) 21... Nxf2+ 22. Kg1 Nd3 23. Nf3 (
23. Rxf8+ Rxf8 24. Nf3 c4 25. Be3 Qc6 $44) 23... c4 24. Be3 Qc6 $44) 18. Qxa8
Rxa8 19. hxg4 Qa4 20. Re1 Qc2 $36) (17. e5 Nxe5 18. Qxa7 Nd3 $44) 17... c5 18.
Qd3 Nxf2+ 19. Rxf2 Rxf2 20. e5 Rd8 21. exd6 Qxd6 22. Qxd6 (22. Qe3 Rdf8 23. Kg1
R2f5 24. Rb1 (24. Nf3 Rxf3 25. gxf3 Qg3+ 26. Kh1 Qxh3+ 27. Kg1 Rxf3 $19) 24...
Re5 25. Qg3 Qd4+ 26. Kh2 Re2 $17) 22... Rxd6 $15 23. Kg1 Rdxd2 24. Bxd2 Rxd2
25. Rc1 Rxb2 26. Rxc5 Rb7 27. Ra5 $1 Kf7 (27... Rf7 28. Ra6 Re7 29. Kf2 $14)
28. Kf2 Kf6 29. Kf3 h5 (29... Rb3+ 30. Kf2) 30. Ke4 {It is not clear how Black
can improve their position as their Rook is stuck to a7 pawn and they cannot
advance e-pawn} h4 31. Kf4 Rc7 32. Kg4 Rc4+ 33. Kf3 Rc3+ 34. Kf2 Rc7 35. Kf3 g5
36. Ke3 Rc3+ 37. Kf2 Rc7 38. Ke3 Rb7 39. Kf3 Rb3+ 40. Kf2 Rb7 41. Ke3 Rc7 42.
Kf3 Rb7 43. Ke3 Rb3+ 44. Kf2 e5 45. Rxa7 Kf5 46. Rf7+ Ke4 47. Rg7 Rb2+ 48. Kg1
Kf4 49. Rf7+ Ke3 50. Rf3+ Kd4 51. Rf2 1/2-1/2

[Event "MK Cafe Cup-A"]
[Site "Koszalin"]
[Date "1999.08.04"]
[Round "2"]
[White "Shcherbakov, Ruslan"]
[Black "Skripchenko, Almira"]
[Result "1-0"]
[WhiteElo "2541"]
[BlackElo "2456"]
[Annotator "Huzman,A"]
[PlyCount "67"]
[EventDate "1999.08.03"]
[EventType "swiss"]
[EventRounds "9"]
[EventCountry "POL"]
[SourceTitle "CBM 073"]
[Source "ChessBase"]
[SourceDate "1999.12.01"]
[SourceVersion "1"]
[SourceVersionDate "1999.12.01"]
[SourceQuality "1"]

1. d4 d5 2. c4 dxc4 3. e4 e5 4. Nf3 exd4 5. Bxc4 Nc6 6. O-O Nf6 7. e5 Ne4 8.
Re1 Nc5 9. Bg5 Be7 (9... Qd7 10. Nbd2 (10. b4 $5 Ne6 11. b5 Ncd8 12. Nbd2 Bb4
13. Rb1 c5 14. Rxb4 $5 cxb4 15. Ne4 O-O 16. Bd2 a5 17. Qb1 b6 18. Neg5 Nxg5 19.
Nxg5 d3 $1 20. Bxd3 h6 21. Nh7 Re8 22. Bxh6 Bb7 $2 (22... f5 $1 $13) 23. Bxg7
$1 Kxg7 24. Re3 $1 $40 {1-0 Notkin,M-Nenashev,A/Cappelle la Grande 1995/ (41)})
10... Ne6 11. Rc1 Be7 12. Ne4 O-O 13. a3 Bxg5 14. Nexg5 Nxg5 15. Nxg5 Qg4 16.
Nxf7 Qxd1 17. Ng5+ Kh8 18. Rcxd1 $16 {0-1 Guigonis,D-Stevic,H/Paris 1998/EXT
99 (38)}) 10. Bxe7 Qxe7 11. Nxd4 Nxd4 12. Qxd4 Be6 13. Bf1 (13. b4 Nd7 14. Bxe6
fxe6 15. Nc3 Nb6 16. Rad1 O-O 17. Qc5 Rf7 $11 {1/2-1/2 Gligoric,S-Osterman,R/
Ljubljana 1975/MCD (40)}) (13. Bxe6 Nxe6 14. Qe4 O-O-O 15. Nc3 Rd4 16. Qe3 Qg5
17. Qxg5 Nxg5 18. Rac1 a6 19. Re2 Rhd8 {1/2-1/2 Karpov,A-Lautier,J/8th Amber
Rapidplay 1999 (19)}) 13... Rd8 14. Qe3 O-O 15. Nc3 a5 16. h3 h6 $6 {As Black
are going to play f7-f6,it is unwise to weaken g6 square} (16... Rd7 17. Rad1
Rfd8 18. Rxd7 Rxd7 19. g4 b6 (19... c6 20. f4 b5 21. f5 Bc4 22. f6 $16) 20. f4
$36) (16... b6 17. Rad1 f6 $5 $132) 17. Rad1 b6 18. f4 f6 (18... f5 $5 19. Be2
Rxd1 20. Rxd1 Rd8 $14) 19. a3 Rxd1 20. Rxd1 Bb3 (20... fxe5 21. Qxe5 {[%cal
Gb2b4]} (21. fxe5 $5 $14) 21... Qf7 $1 (21... a4 22. Nd5 Qf7 23. Nxc7 Qxf4 24.
Qxf4 Rxf4 25. Nxe6 Nxe6 26. Rd6 $18) 22. b4 (22. Rd4 Nb3 23. Rd1 Nc5 $11) 22...
axb4 23. axb4 Nd7 24. Qxc7 Qxf4 25. Qxf4 Rxf4 26. Rd6 Kf7 27. Bb5 Ke7 $11) 21.
Re1 fxe5 22. fxe5 Kh8 (22... a4 $5 23. Ne2 Ne6 $11) 23. Ne2 $1 {[%cal Ge2f4,
Gf4g6,Ge2d4]} Qf7 24. Nd4 Bd5 25. e6 $1 {An advanced e pawn is decisive factor
in this position.} Qg6 (25... Qe7 26. Qe5 c6 27. Nf5 $18) 26. g4 (26. e7 $4
Rxf1+ $19) 26... Re8 27. e7 c6 28. Qf4 $16 Kg8 29. Nf5 Ne6 30. Qd6 Qf7 31. Bg2
$1 $18 Bxg2 (31... Ng5 32. Qd7 $1 Bxg2 33. Kxg2 Kh7 34. Re3 $1 g6 35. Qxe8 Qxe8
(35... Qd5+ 36. Kg3 gxf5 37. Qf8 Qd6+ 38. Kh4 $18) 36. Nd6 $18) 32. Qxe6 $1
Qxe6 (32... Bd5 33. Qxf7+ Bxf7 34. Nd6 $18) 33. Rxe6 Bxh3 34. Re4 1-0